| 000 | 01073cam a22002054a 4500 | ||
|---|---|---|---|
| 005 | 20250605164037.0 | ||
| 008 | 250528s ||||||||||||||||||||||||d | ||
| 035 | _a16870 | ||
| 020 | _a201398184 | ||
| 040 |
_aGR-AtMCL _bgre _dGR-AtMCL _eAACR2 |
||
| 245 | 1 | _aMultimedia Communications / Applications, Networks, Protocols and Standards | |
| 250 | _a1st | ||
| 260 |
_bAddison-Wesley Publishing Company, _c2001 |
||
| 300 | _a1036 | ||
| 520 | _aAn essential reference for computing and networking professionals. Preface, Acknowledgements, Multimedia Communications, Multimedia Information Representation, Text and Image Compression, Audio and Video Compression, Standards for Multimedia Communications, Digital Communication Basics, Circuit-Switched Networks, Enterprise Networks, The Internet, Broadband ATM Networks, Entertainment Networks and High-Speed Modems, Transport Protocols, Application Support Functions, Internet Applications, The World Wide Web, Bibliography, Index. | ||
| 700 | 1 |
_aHalsall Fred _92956 |
|
| 942 | _cBK | ||
| 999 |
_c2322 _d2322 |
||